| 000 | 00415nam a22001697a 4500 | ||
|---|---|---|---|
| 003 | CEME | ||
| 005 | 20210628203716.0 | ||
| 008 | 210317b xxu||||| |||| 00| 0 eng d | ||
| 020 | _a969-0-1008007 | ||
| 040 | _c. | ||
| 082 | _a355.ISL BIL'I | ||
| 100 |
_aBilal, Abdul Rahman _946075 |
||
| 245 | _aIslamic military resurgence | ||
| 260 |
_aRAWALPINDI _bARMY EDYCATION _c1991 |
||
| 300 | _a259P | ||
| 942 |
_cBK _2ddc |
||
| 999 |
_c574821 _d574821 |
||